Nueva introducción al estudio del derecho.
Gorde:
| Egile nagusia: | |
|---|---|
| Formatua: | Liburua |
| Hizkuntza: | gaztelania |
| Argitaratua: |
Madrid, España:
Civitas Ediciones,
1999.
|
| Saila: | Cuadernos Civitas.
|
| Gaiak: | |
| Etiketak: |
Etiketa erantsi
Etiketarik gabe, Izan zaitez lehena erregistro honi etiketa jartzen!
|
MARC
| LEADER | 00000nam a2200000 a 4500 | ||
|---|---|---|---|
| 001 | UCY7393 | ||
| 003 | CL-VaPUC | ||
| 005 | 20221114163159.0 | ||
| 008 | 950614e19990000SP |||||||||||||||||spa|d | ||
| 999 | |c 435837 |d 435835 | ||
| 020 | |a 84-470-1223-9 | ||
| 040 | |c Pontificia Universidad Católica de Valparaíso | ||
| 082 | 0 | 4 | |a 340.1 ORS 1999 |2 21 |
| 100 | |a Ors, Álvaro d' |e autor |9 878430 | ||
| 245 | 1 | 4 | |a Nueva introducción al estudio del derecho. |
| 260 | |a Madrid, España: |b Civitas Ediciones, |c 1999. | ||
| 300 | |a 208 páginas. | ||
| 490 | |a Cuadernos Civitas. | ||
| 500 | |a c.1 Donación Familia Prof. Alejandro Guzmán Brito. | ||
| 583 | |a last modification |c 19950614 00:00:00 |k Cristina María Rojas Aguilar | ||
| 650 | 0 | |a Historia del derecho |9 255109 | |
| 650 | 0 | |a Filosofía del derecho |9 255050 | |
| 942 | |c BK |2 ddc |n 0 | ||
| 952 | |0 0 |1 0 |2 ddc |4 0 |6 340_100000000000000_ORS_1999 |7 0 |8 C_AGB |9 583495 |a BIBDER |b BIBDER |d 2022-06-07 |e Donación |i 5651624 |o 340.1 ORS 1999 |p 5651624 |r 2023-01-25 |t 1 |w 2022-06-07 |y BK_US |k AGB | ||